[Event "Fortaleza Schoonenborch op 10th"]
[Site "Fortaleza"]
[Date "2024.02.18"]
[Round "5"]
[White "De Maicy, Gabriel Mendes"]
[Black "Almeida, Antoniel Lima"]
[Result "1-0"]
[WhiteElo "1660"]
[BlackElo "1673"]
[PlyCount "94"]
[EventDate "2024.02.15"]
[EventType "swiss"]
[EventRounds "6"]
[EventCountry "BRA"]
[SourceTitle "CB08_2024"]
[SourceDate "2024.02.21"]
[SourceVersion "1"]
[SourceVersionDate "2024.02.21"]
[SourceQuality "1"]

1. e4 c5 2. Nf3 g6 3. d4 cxd4 4. Nxd4 Bg7 5. c4 Nc6 6. Be3 Nf6 7. Nc3 d6 8. Be2 Nxd4 9. Bxd4 Bd7 10. 0-0 0-0 11. f4 Bc6 12. Bf3 Nd7 13. Kh1 Bxd4 14. Qxd4 Qb6 15. Qd2 Nc5 16. Rab1 a5 17. h4 Rad8 18. h5 e6 19. f5 Kg7 20. Qg5 f6 21. Qg4 exf5 22. exf5 g5 23. Rfe1 Rfe8 24. Bxc6 bxc6 25. Qd4 Na4 26. c5 Nxc5 27. Ne4 Nd7 28. Qxd6 c5 29. Qxb6 Nxb6 30. Nxc5 Rxe1+ 31. Rxe1 Rd5 32. Ne6+ Kf7 33. g4 Nc4 34. Rc1 Ne3 35. Rc7+ Kg8 36. Rg7+ Kh8 37. Rf7 Rd1+ 38. Kh2 Nxg4+ 39. Kg3 Nh6 40. Rf8+ Ng8 41. Ra8 Rd3+ 42. Kg4 Re3 43. h6 a4 44. Nxg5 fxg5 45. f6 Re4+ 46. Kxg5 a3 47. f7 Rd4 1-0